Online
Catalog

Cultura biblica y religiosa / (Record no. 15772)

MARC details
000 -CABECERA
campo de control de longitud fija 00747cam a2200229 a 4500
001 - NÚMERO DE CONTROL
campo de control 000016234
005 - FECHA Y HORA DE LA ÚLTIMA TRANSACCIÓN
campo de control 20200929164329.0
008 - DATOS DE LONGITUD FIJA--INFORMACIÓN GENERAL
campo de control de longitud fija 810505k19701972sp 000 0 spa d
010 ## - NÚMERO DE CONTROL DE LA BIBLIOTECA DEL CONGRESO
Número de control de LC 80117879
015 ## - NÚMERO DE BIBLIOGRAFÍA NACIONAL
Número de bibliografía nacional Sp
020 ## - NÚMERO INTERNACIONAL ESTÁNDAR DEL LIBRO
Número Internacional Estándar del Libro 8430013091 :
Condiciones de disponibilidad 250ptas
040 ## - FUENTE DE LA CATALOGACIÓN
Centro catalogador/agencia de origen DO-SdBNP
Centro/agencia transcriptor DLC
Centro/agencia modificador DLC
082 ## - NÚMERO DE LA CLASIFICACIÓN DECIMAL DEWEY
Número de clasificación 268
Número de documento/Ítem P222c
100 1# - ENTRADA PRINCIPAL--NOMBRE DE PERSONA
Nombre de persona Paramo, Severiano del,
Fechas asociadas al nombre 1889-
9 (RLIN) 36285
245 10 - MENCIÓN DE TÍTULO
Título Cultura biblica y religiosa /
Mención de responsabilidad, etc. por el P. Severiano del Paramo, S.J. ...
260 ## - PUBLICACIÓN, DISTRIBUCIÓN, ETC.
Lugar de publicación, distribución, etc. Comillas (Santander) :
Nombre del editor, distribuidor, etc. Seminario Pontificio,
Fecha de publicación, distribución, etc. 1970.
300 ## - DESCRIPCIÓN FÍSICA
Extensión v. <10> ;
Dimensiones 22 cm.
650 #4 - PUNTO DE ACCESO ADICIONAL DE MATERIA--TÉRMINO DE MATERIA
Término de materia o nombre geográfico como elemento de entrada Mesías
Subdivisión general Enseñanza biblica
9 (RLIN) 36286
650 #4 - PUNTO DE ACCESO ADICIONAL DE MATERIA--TÉRMINO DE MATERIA
Término de materia o nombre geográfico como elemento de entrada Hijo del hombre
Subdivisión general Enseñanza biblica
9 (RLIN) 36287
650 #4 - PUNTO DE ACCESO ADICIONAL DE MATERIA--TÉRMINO DE MATERIA
Término de materia o nombre geográfico como elemento de entrada Iglesia
Subdivisión general Enseñanza biblica
9 (RLIN) 36288
910 ## - DATOS DE OPCIÓN DEL USUARIO (OCLC)
Datos de opción del usuario Catalogación derivada
Holdings
Estado de retiro Estado de pérdida Restricciones de uso No para préstamo Código de colección Localización permanente Ubicación/localización actual Ubicación en estantería Fecha de adquisición Número de inventario Total de préstamos Signatura topográfica completa Código de barras Fecha visto por última vez Precio válido a partir de Tipo de ítem Koha
      Excluido de préstamo Monografías: Libros y Folletos General General En catalogación 01.03.2010 LF1   v.3 16234-10 25.06.2020 25.06.2020 No se presta
      Excluido de préstamo Monografías: Libros y Folletos General General En catalogación 01.03.2010 LF1   v.4 16234-20 25.06.2020 25.06.2020 No se presta

Powered by Koha